000 00313nam a2200109 4500
008 240222b |||||||| |||| 00| 0 eng d
245 _aLogos-Vol. 30, no. 2 (June 1991)
246 _aHer story : Case studies on vialence
260 _aColombo :
_bCentre for society & Religion,
_c1991
300 _b90 p.
942 _cCR
999 _c4791
_d4791